000 00529ntaaa2200193 4500
003 01
005 20251027202616.0
008 0714s1973 ag 01
040 _aAR-BaBN
_bspa
_cAR-BaBN
_eaacr
_dRIC
082 _a370.0900 B23
100 _aBarclay, William
245 _aEducational ideals in the ancient world
250 _a1 ed.
260 _aLondon :
_bCollins,
_cc1959, 1961
300 _a288 p
500 _aEstudio de los ideales educacionales en distintas épocas
650 _aeducación cristiana
_9405
942 _cBK
999 _c21239
_d21239